<?xml version="1.0" encoding="UTF-8"?>
<record
    xmlns:xsi="http://www.w3.org/2001/XMLSchema-instance"
    xsi:schemaLocation="http://www.loc.gov/MARC21/slim http://www.loc.gov/standards/marcxml/schema/MARC21slim.xsd"
    xmlns="http://www.loc.gov/MARC21/slim">

  <leader>02737cam a2200193 i 4500</leader>
  <datafield tag="020" ind1=" " ind2=" ">
    <subfield code="a">9780801049385 (pbk.)</subfield>
  </datafield>
  <datafield tag="020" ind1=" " ind2=" ">
    <subfield code="a">0801049385 (pbk.)</subfield>
  </datafield>
  <datafield tag="041" ind1=" " ind2=" ">
    <subfield code="a">ENG</subfield>
  </datafield>
  <datafield tag="082" ind1="0" ind2="0">
    <subfield code="a">220.67</subfield>
    <subfield code="b">HAY</subfield>
  </datafield>
  <datafield tag="245" ind1="0" ind2="0">
    <subfield code="a">Evangelical faith and the challenge of historical criticism </subfield>
  </datafield>
  <datafield tag="260" ind1=" " ind2=" ">
    <subfield code="a"> United States of America</subfield>
    <subfield code="b">Baker Academic</subfield>
    <subfield code="c">2013</subfield>
  </datafield>
  <datafield tag="300" ind1=" " ind2=" ">
    <subfield code="a">xiv, 241 pages ;</subfield>
  </datafield>
  <datafield tag="505" ind1="0" ind2=" ">
    <subfield code="a">a Towards a faithful criticism / Christopher M. Hays -- Adam and the fall / Christopher M. Hays and Stephen Lane Herring -- The exodus: fact, fiction or both? / Christopher B. Ansberry -- No covenant before the exile? : the Deuteronomic Torah and Israel's covenant theology / Christopher B. Ansberry and Jerry Hwang -- Problems with prophecy / Amber Warhurst, Seth B. Tarrer and Christopher M. Hays -- Pseudepigraphy and the canon / Christopher B. Ansberry, Casey A. Strine, Edward W. Klink III and David Lincicum -- The historical Jesus / Michael J. Daling and Christopher M. Hays -- The Paul of Acts and the Paul of the epistles / Aaron J. Kuecker and Kelly D. Liebengood / Faithful criticism and a critical faith / Christopher B. Ansberry and Christopher M. Hays.</subfield>
  </datafield>
  <datafield tag="520" ind1=" " ind2=" ">
    <subfield code="a">Many introductions to biblical studies describe critical approaches, but they do not discuss the theological implications. This timely resource discusses the relationship between historical criticism and Christian theology to encourage evangelical engagement with historical-critical scholarship. Charting a middle course between wholesale rejection and unreflective embrace, the book introduces evangelicals to a way of understanding and using historical-critical scholarship that doesn't compromise Christian orthodoxy. The book covers eight of the most hotly contested areas of debate in biblical studies, helping readers work out how to square historical criticism with their beliefs. -- Publisher    a Towards a faithful criticism / Christopher M. Hays -- Adam and the fall / Christopher M. Hays and Stephen Lane Herring -- The exodus: fact, fiction or both? / Christopher B. Ansberry -- No covenant before the exile? : the Deuteronomic Torah and Israel's covenant theology / Christopher B. Ansberry and Jerry Hwang -- Problems with prophecy / Amber Warhurst, Seth B. Tarrer and Christopher M. Hays -- Pseudepigraphy and the canon / Christopher B. Ansberry, Casey A. Strine, Edward W. Klink III and David Lincicum -- The historical Jesus / Michael J. Daling and Christopher M. Hays -- The Paul of Acts and the Paul of the epistles / Aaron J. Kuecker and Kelly D. Liebengood / Faithful criticism and a critical faith / Christopher B. Ansberry and Christopher M. Hays.</subfield>
  </datafield>
  <datafield tag="650" ind1=" " ind2="0">
    <subfield code="a">Evangelicalism.</subfield>
  </datafield>
  <datafield tag="650" ind1=" " ind2="0">
    <subfield code="a">Christianity</subfield>
  </datafield>
  <datafield tag="700" ind1="1" ind2=" ">
    <subfield code="a">Hays, Christopher M.,</subfield>
  </datafield>
  <datafield tag="942" ind1=" " ind2=" ">
    <subfield code="c">BK</subfield>
  </datafield>
  <datafield tag="952" ind1=" " ind2=" ">
    <subfield code="0">0</subfield>
    <subfield code="1">0</subfield>
    <subfield code="4">0</subfield>
    <subfield code="7">0</subfield>
    <subfield code="a">HMI</subfield>
    <subfield code="b">HMI</subfield>
    <subfield code="c">GEN</subfield>
    <subfield code="d">2018-12-06</subfield>
    <subfield code="l">0</subfield>
    <subfield code="o">220.67 HAY</subfield>
    <subfield code="p">11003997</subfield>
    <subfield code="r">2026-01-16</subfield>
    <subfield code="w">2026-01-16</subfield>
    <subfield code="y">BK</subfield>
  </datafield>
  <datafield tag="952" ind1=" " ind2=" ">
    <subfield code="0">0</subfield>
    <subfield code="1">0</subfield>
    <subfield code="4">0</subfield>
    <subfield code="7">0</subfield>
    <subfield code="a">HMI</subfield>
    <subfield code="b">HMI</subfield>
    <subfield code="c">GEN</subfield>
    <subfield code="d">2018-12-06</subfield>
    <subfield code="l">0</subfield>
    <subfield code="o">220.67 HAY</subfield>
    <subfield code="p">11003998</subfield>
    <subfield code="r">2026-01-16</subfield>
    <subfield code="w">2026-01-16</subfield>
    <subfield code="y">BK</subfield>
  </datafield>
  <datafield tag="999" ind1=" " ind2=" ">
    <subfield code="c">22577</subfield>
    <subfield code="d">22577</subfield>
  </datafield>
</record>
